00326 a2200133 4500020001500000022001800015082001300033100001600046245005200062250000800114260004500122300000900167500001600176 a981240225X a9789812402257 a658.1599 aMadura,Jeff aInternational Financial ManagementcJeff Madura a6th aIndiabAsian Books private Limitedc2000 a660p aPaper cover